000 005270000a22001810004500
003 MACL
005 20151213123618.0
008 151213b xxu||||| |||| 00| 0 eng d
040 _aMACL
_cMACL
041 _aHindi
082 _a741.642
100 _aडॉ शकुन्‍तला कालरा
_920189
245 _aमॉ का उपहार
260 _bसन्‍मार्ग प्रकाशन
_c2010
350 _a200
650 _aचिल्‍डन बुक
_9314
942 _cHIN
_k741.642
_2ddc
999 _c47023
_d47023